000 00695nam a2200229 i 4500
003 IT-RoINE
005 20200626063017.0
008 141006s2014 fr r ||1 |bfre d
020 _a9782204098755
040 _aIT-RoPUS
_cIT-RoPUS IT-RoINE
_dIT-RoINE
100 1 _93259
_aBouyer, Louis,
_cC.O.,
_d1913-2004
245 1 0 _aMémoires /
_cLouis Bouyer ; postface et notes de Jean Duchesne.
260 _aParis :
_bEditions du Cerf,
_c2014.
300 _a327 p. ;
_c21 cm.
336 _2rdacontent
_atext
337 _2rdamedia
_aunmediated
338 _2rdacarrier
_avolume
500 _aIncluye índice.
504 _aIncluye bibliografía.
700 1 _955834
_aDuchesne, Jean
942 _cMTS
999 _c34529
_d34529